Beatles Picture Click Quiz - Statistics

General Stats
  • This quiz has been taken 95 times
  • The average score is 71 of 80
Answer Stats
Question Tile Select % Correct
George Harrison No
100%
Ringo Starr No
100%
Ringo Starr No
100%
John Lennon Yes
100%
John Lennon No
100%
John Lennon No
100%
George Harrison No
99%
Paul McCartney No
99%
John Lennon No
99%
George Harrison No
97%
Paul McCartney No
97%
Paul McCartney No
97%
Paul McCartney Yes
97%
Ringo Starr No
97%
Ringo Starr Yes
97%
George Harrison Yes
96%
Last Beatle to join No
96%
Last Beatle to join No
96%
Said the Beatles were more popular than Jesus No
95%
Died of cancer in 2001 No
95%
Died of cancer in 2001 No
95%
Was murdered in 1980 Yes
95%
Was murdered in 1980 No
95%
Was murdered in 1980 No
95%
Was murdered in 1980 No
95%
Real name was Richard Starkey No
95%
Real name was Richard Starkey No
95%
Real name was Richard Starkey Yes
95%
Real name was Richard Starkey No
95%
Who wrote and sang "Taxman" and "Here Comes the Sun" No
95%
Formed a band called "Wings" No
95%
Said the Beatles were more popular than Jesus No
94%
Died of cancer in 2001 Yes
94%
Died of cancer in 2001 No
94%
Allegedly died in 1966 No
94%
Announced the breakup of the group to the public No
94%
Youngest Beatle No
92%
Last Beatle to join No
92%
Said the Beatles were more popular than Jesus No
92%
Allegedly died in 1966 No
92%
First name was James No
92%
Wrote the least amount of songs for the Beatles No
92%
Announced the breakup of the group to the public No
92%
First person to cross the road on the Abbey Road cover No
92%
Formed a band called "Wings" No
92%
Said the Beatles were more popular than Jesus Yes
91%
Wrote the least amount of songs for the Beatles No
91%
Wrote the least amount of songs for the Beatles No
91%
Was the first to officially leave the group for good No
91%
Oldest Beatle No
90%
Last Beatle to join Yes
90%
First name was James No
90%
Who wrote and sang "Taxman" and "Here Comes the Sun" No
90%
Formed a band called "Wings" No
90%
Wrote the least amount of songs for the Beatles Yes
88%
Oldest Beatle No
87%
Youngest Beatle No
87%
Who wrote and sang "Taxman" and "Here Comes the Sun" No
87%
Formed a band called "Wings" Yes
87%
Allegedly died in 1966 No
86%
Was the first to officially leave the group for good No
86%
First person to cross the road on the Abbey Road cover No
86%
Funded Monty Python's "Life of Brian" No
86%
Funded Monty Python's "Life of Brian" No
85%
Funded Monty Python's "Life of Brian" No
85%
Youngest Beatle No
83%
Allegedly died in 1966 Yes
83%
Who wrote and sang "Taxman" and "Here Comes the Sun" Yes
83%
First person to cross the road on the Abbey Road cover No
83%
Oldest Beatle No
79%
First person to cross the road on the Abbey Road cover Yes
72%
Announced the breakup of the group to the public No
71%
Youngest Beatle Yes
69%
First name was James No
69%
Funded Monty Python's "Life of Brian" Yes
69%
Announced the breakup of the group to the public Yes
67%
Was the first to officially leave the group for good No
65%
First name was James Yes
64%
Oldest Beatle Yes
63%
Was the first to officially leave the group for good Yes
54%
No matching quizzes found
Score Distribution
Percent of People with Each Score
Percentile by Number Answered
Your Score History
You have not taken this quiz